000 00848nam a2200217 a 4500
003 0
005 20250426101717.0
008 970114s19uu xx 00 eng d
050 _aPGS HV 4999.Y68
_b.F477 2003
100 _aFiguracion, Francis Justin V.
245 _aThe perception of grade six students of Southville International School S.Y. 2002-2003 on drug abuse. /
_cFrancis Justin V. Figuracion.
260 _aLas PiƱas City, Philippines :
_bSouthville International School and Colleges,
_c2003.
300 _a16 pages :
_billustrations ;
_c28 cm.
504 _aIncludes bibliographic references.
650 _aDrug abuse
_vPrevention.
650 _aDrug abuse
_vYouth.
650 _aDrug abuse
_vPublic opinion.
650 _aDrug abuse
_vSocial aspects.
650 _aDrug abuse
_vPsychological aspects
942 _2lcc
_cPASS
999 _c96859
_d96859